A short history of financial euphoria
Sparad:
| Huvudupphovsman: | |
|---|---|
| Materialtyp: | Bok |
| Språk: | Undetermined |
| Publicerad: |
London
Penguin Books
1990
|
| Ämnen: | |
| Taggar: |
Lägg till en tagg
Inga taggar, Lägg till första taggen!
|
| Thư viện lưu trữ: | Trung tâm Học liệu Trường Đại học Cần Thơ |
|---|
| LEADER | 00442nam a2200169Ia 4500 | ||
|---|---|---|---|
| 001 | CTU_79258 | ||
| 008 | 210402s9999 xx 000 0 und d | ||
| 082 | |a 332.64 | ||
| 082 | |b K36 | ||
| 100 | |a Kenneth, John | ||
| 245 | 2 | |a A short history of financial euphoria | |
| 245 | 0 | |c John Kenneth | |
| 260 | |a London | ||
| 260 | |b Penguin Books | ||
| 260 | |c 1990 | ||
| 650 | |a Speculation | ||
| 980 | |a Trung tâm Học liệu Trường Đại học Cần Thơ | ||